00487nam a2200193 a 4500001001300000003000900013005001700022008004100039020001000080082001700090100002300107245003300130260003100163300000900194500003500203505001000238650002200248700002300270nice12345678IN_TiNIC20260116013640.0050524s0000 viza grp 000 0 ara  ac10000a297.63bSHA6 aSharqavi, A Rahman aMuhammad, Rasool Al Hurriyah aVizagbNo Publisher c0000 a400p aincludes index and biblioraphy2 aIndex aMuhammad, Prophet1 aSharqavi, A Rahman